Estudio de velocidades de vehículos automotores en Costa Rica
Gespeichert in:
| 1. Verfasser: | |
|---|---|
| Format: | Unbekannt |
| Veröffentlicht: |
[San José, Costa Rica]
1980
|
| Schlagworte: | |
| Tags: |
Tag hinzufügen
Keine Tags, Fügen Sie den ersten Tag hinzu!
|
MARC
| LEADER | 00000 a2200000 4500 | ||
|---|---|---|---|
| 003 | 000800 | ||
| 005 | 20221231143740.0 | ||
| 008 | 140114s1980 c a m 000 ||s d | ||
| 040 | |c cru CEDI | ||
| 090 | |a TFG 962 | ||
| 100 | |a Flores Vega, Ronald |9 16011 | ||
| 245 | |a Estudio de velocidades de vehículos automotores en Costa Rica | ||
| 260 | |c 1980 |a [San José, Costa Rica] | ||
| 300 | |a 76 hojas : ilustraciones ; 28 cm | ||
| 500 | |a Tesis (ingeniero civil)--Universidad de Costa Rica. | ||
| 650 | |x VEHICULOS DE MOTOR - VELOCIDAD |x VELOCIDAD - INVESTIGACIONES |9 16012 | ||
| 942 | |c TFG | ||
| 999 | |c 11232 |d 11232 | ||
